Chansons de Mamamoo - Mort subite - Statistiques

Statistiques générales
  • Ce quiz a été pris 132 fois
  • Le résultat moyen est 13 sur 23
Answers on the Grid
Answers color-coded by a green-red scale on the quiz's grid according to % correct below.
Mr-Ambiguous
TOMBOY
Dingga
AYA
Yes I Am
gogobebe
O.O
Egotistic
Good Night
Wife
Starry Night
HIP
Wind flower
Ditto
LOCO
Destiny
Um Oh Ah Yeh
I'm Unhappy
LEFT RIGHT
You're the Best
Like Ooh-Ahh
Zimzalabim
Décalcomanie
mumumumuch
Taller than You
WANNA BE MYSELF
ILLELLA
Perfect Night
Chuck
L.I.E.C
Piano Man
Igloo
I Miss You
Violeta
Travel
 
Statistiques - réponses
Réponse % Correct
HIP
87%
Starry Night
87%
gogobebe
86%
Egotistic
84%
Dingga
83%
AYA
81%
Mr-Ambiguous
81%
Décalcomanie
71%
Yes I Am
61%
ILLELLA
60%
Wind flower
60%
Piano Man
57%
Taller than You
53%
Um Oh Ah Yeh
53%
Destiny
47%
mumumumuch
47%
You're the Best
43%
Good Night
40%
I Miss You
37%
WANNA BE MYSELF
34%
L.I.E.C
23%
Travel
23%
Chuck
19%
Aucun quiz correspondant
Distribution des résultats
% des personnes avec chaque résultat
Percentile par nombre de réponses
Votre historique - résultats
Vous n’avez pas pris ce quiz